Engineering Mechanics: Statics (ბიბ.ჩანაწერი № 54406)
[ მარტივი ფორმატი ]
| 000 -LEADER | |
|---|---|
| fixed length control field | 00727nam a2200253Ia 4500 |
| 001 - CONTROL NUMBER | |
| control field | 21462 |
| 003 - CONTROL NUMBER IDENTIFIER | |
| control field | GE_BSU |
| 008 - FIXED-LENGTH DATA ELEMENTS--GENERAL INFORMATION | |
| fixed length control field | 181216s||||||||xx |||||||||||||| ||und|| |
| 020 ## - INTERNATIONAL STANDARD BOOK NUMBER | |
| International Standard Book Number | 9780132915540 |
| 040 ## - CATALOGING SOURCE | |
| Transcribing agency | GE_BSU |
| 100 ## - MAIN ENTRY--PERSONAL NAME | |
| Personal name | Hibbeler, Russell C. |
| 245 ## - TITLE STATEMENT | |
| Title | Engineering Mechanics: Statics |
| 250 ## - EDITION STATEMENT | |
| Edition statement | 13th Edition |
| 260 ## - PUBLICATION, DISTRIBUTION, ETC. | |
| Place of publication, distribution, etc. | Boston |
| 260 ## - PUBLICATION, DISTRIBUTION, ETC. | |
| Name of publisher, distributor, etc. | Pearson |
| 260 ## - PUBLICATION, DISTRIBUTION, ETC. | |
| Date of publication, distribution, etc. | 2013 |
| 300 ## - PHYSICAL DESCRIPTION | |
| Extent | 648 p. 24cm. |
| 300 ## - PHYSICAL DESCRIPTION | |
| Accompanying material | Index p.: 642-648 |
| 653 ## - INDEX TERM--UNCONTROLLED | |
| Uncontrolled term | Engineering Mechanics: Statics |
| 653 ## - INDEX TERM--UNCONTROLLED | |
| Uncontrolled term | Строительство инженерных сооружений |
| 653 ## - INDEX TERM--UNCONTROLLED | |
| Uncontrolled term | საინჟინრო ნაგებობების მშენებლობა |
| 942 ## - ADDED ENTRY ELEMENTS (KOHA) | |
| Koha item type | წიგნი |
არაა ხელმისაწვდომი ეგზემპლარები.
